00851nam a22001457a 4500003000400000020001800004082001600022100001900038245004200057250000800099260003100107300000800138650001600146653054300162SGT a9788122415582 a658.56,MUR  aMURTHY RAMA P. aPRODUCTION AND OPERATIONS MANAGEMENT  a2ND aNEW DELHI bNEW AGE c2005 a428 aMANAGEMENT  aProduction and Operations Management, Pre-Planning Stage or Product Design Stage, Forecasting, Production Planning, Scheduling, Loading, Dispatching and Expediting, Capacity Management, Plant Location and Plant Layout, Materials Handling, Statistical Quality Control, Plant Maintenance and Maintenance Management, Value Engineering and Value Analysis, Materials Management and Inventory Control, Work Study, Use of Computers in Production Operations Management, Productivity Engineering and Management, PERT and CPM Scheduling Techniques.